[Event "WLS-chB 68th"]
[Site "Cardiff"]
[Date "2024.03.29"]
[Round "2"]
[White "Mba, Reginald"]
[Black "Gale, Michael"]
[Result "1-0"]
[WhiteElo "1855"]
[BlackElo "1728"]
[PlyCount "49"]
[EventDate "2024.03.29"]
[EventType "swiss"]
[EventRounds "7"]
[EventCountry "WLS"]
[SourceTitle "CBM 219 Extra"]
[Source "ChessBase"]
[SourceDate "2024.05.31"]
[SourceVersion "1"]
[SourceVersionDate "2024.05.31"]
[SourceQuality "1"]

1. e4 e5 2. Nf3 Nf6 3. Nxe5 Nxe4 4. Qe2 Qe7 5. Qxe4 d6 6. d4 dxe5 7. dxe5 Nc6 8. Bd3 Nxe5 9. 0-0 Nxd3 10. Qxd3 Qd6 11. Re1+ Be7 12. Qe4 Be6 13. Nc3 0-0 14. Qxb7 a6 15. Qf3 Rfd8 16. Bf4 Qb6 17. Rab1 Rab8 18. Qg3 Bd6 19. Bxd6 Rxd6 20. b3 Bf5 21. Ne4 Rd4 22. Qf3 Qg6 23. Ng3 Bxc2 24. Rbc1 h6 25. Qc3 1-0